Central Library OPAC University of Rajshahi

William Wordsworth / (Record no. 84780)

MARC details
000 -LEADER
fixed length control field 00578nam a2200205 a 4500
001 - CONTROL NUMBER
control field 84780
003 - CONTROL NUMBER IDENTIFIER
rucl marc code BD-RjUL
005 - DATE AND TIME OF LATEST TRANSACTION
control field 20250408110552.0
008 - FIXED-LENGTH DATA ELEMENTS--GENERAL INFORMATION
fixed length control field 250408r19791969enk||||| |||| 00| 0 eng d
035 ## - SYSTEM CONTROL NUMBER
System control number (BD-RjUL)84780
040 ## - CATALOGING SOURCE
Original cataloging agency BD-RjUL
Language of cataloging eng
Transcribing agency BD-RjUL
041 ## - LANGUAGE CODE
Language code of text/sound track or separate title eng
082 ## - DEWEY DECIMAL CLASSIFICATION NUMBER
Classification number 821.7
Author mark and year DUW 1979
100 ## - MAIN ENTRY--PERSONAL NAME
Personal name Geoffrey Durrant
9 (RLIN) 15190
245 ## - TITLE STATEMENT
Title William Wordsworth /
Statement of responsibility, etc. Geoffrey Durrant
260 ## - PUBLICATION, DISTRIBUTION, ETC. (IMPRINT)
Place of publication, distribution, etc. Cambridge :
Name of publisher, distributor, etc. University Press,
Date of publication, distribution, etc. 1969, [reprinted 1979]
300 ## - PHYSICAL DESCRIPTION
Pagination vii, 161 pages ;
Size 23 cm.
600 ## - SUBJECT ADDED ENTRY--PERSONAL NAME
Personal name Wordsworth, William
Dates associated with a name 1770-1850
942 ## - ADDED ENTRY ELEMENTS (KOHA)
Source of classification or shelving scheme Dewey Decimal Classification
Koha item type Books
Holdings
Lost status Source of classification or shelving scheme Damaged status Not for loan Collection code Permanent Location Current Location Shelving location Date acquired Total Checkouts Full call number Date last seen Copy number Koha item type
  Dewey Decimal Classification   Not For Loan Non-fiction Central Library, University of Rajshahi Central Library, University of Rajshahi Reading Room 08/04/2025   821.7 DUW 1979 08/04/2025 C-1 Books